Privátne značky – prieskum dôvodov nákupu bakalárska práca

Guardado en:
Detalles Bibliográficos
Autor principal: Valaská, Kristína
Autor Corporativo: Obchodná fakulta EU. Katedra marketingu
Otros Autores: Klepochová, Dagmar, 1968-
Formato: Libro
Lenguaje:eslovaco
Publicado: Bratislava 2017
Etiquetas: Agregar Etiqueta
Sin Etiquetas, Sea el primero en etiquetar este registro!

MARC

LEADER 00000nbm a2200000 4500
001 0232694
005 20170920132931.6
041 0 |a slo 
044 |a SK 
245 1 0 |a Privátne značky – prieskum dôvodov nákupu  |b bakalárska práca  |c Kristína Valaská ; školiteľ: Dagmar Klepochová 
264 1 |a Bratislava  |c 2017 
300 |a 52 s. 
100 1 |a Valaská, Kristína 
700 1 |a Klepochová, Dagmar, 1968- 
710 2 |a Obchodná fakulta EU. Katedra marketingu